ARRUPE JESUIT UNIVERSITY

CORONAVIRUS -STOP THE SPREAD - CLEAN,DISINFECT,COVER

Le sens des fêtes (Record no. 127424)

MARC details
000 -LEADER
fixed length control field 00881cam a22002771 4500
001 - CONTROL NUMBER
control field 10427597
003 - CONTROL NUMBER IDENTIFIER
control field ARRUPE
005 - DATE AND TIME OF LATEST TRANSACTION
control field 20180117114546.0
008 - FIXED-LENGTH DATA ELEMENTS--GENERAL INFORMATION
fixed length control field 800630m19709999fr b 000 0 fre
010 ## - LIBRARY OF CONGRESS CONTROL NUMBER
LC control number 75529562
015 ## - NATIONAL BIBLIOGRAPHY NUMBER
National bibliography number F*** (v.1)
035 ## - SYSTEM CONTROL NUMBER
System control number (OCoLC)6469770
040 ## - CATALOGING SOURCE
Original cataloging agency DLC
Transcribing agency ICMcC
Modifying agency OCoLC
-- DLC
042 ## - AUTHENTICATION CODE
Authentication code premarc
050 00 - LIBRARY OF CONGRESS CALL NUMBER
Classification number BV35
Item number .A52
300 ## - PHYSICAL DESCRIPTION
Dimensions 20 cm.
100 1# - MAIN ENTRY--PERSONAL NAME
Personal name Andronikof, Constantin.
9 (RLIN) 38582
245 13 - TITLE STATEMENT
Title Le sens des fêtes
Statement of responsibility, etc Constantin Andronikof.
260 ## - PUBLICATION, DISTRIBUTION, ETC. (IMPRINT)
Place of publication, distribution, etc Paris,
Name of publisher, distributor, etc Éditions du Cerf,
Date of publication, distribution, etc 1970-
300 ## - PHYSICAL DESCRIPTION
Extent 309p. ;
490 0# - SERIES STATEMENT
Series statement Bibliothèque œcuménique, 11. Série orthodoxe
504 ## - BIBLIOGRAPHY, ETC. NOTE
Bibliography, etc Includes bibliographical references.
505 1# - FORMATTED CONTENTS NOTE
Formatted contents note t. 1. Le cycle fixe.
650 #0 - SUBJECT ADDED ENTRY--TOPICAL TERM
Topical term or geographic name as entry element Fasts and feasts
General subdivision Orthodox Eastern Church.
9 (RLIN) 38583
906 ## - LOCAL DATA ELEMENT F, LDF (RLIN)
a 7
b cbc
c oclcrpl
d u
e ncip
f 19
g y-gencatlg
942 ## - ADDED ENTRY ELEMENTS (KOHA)
Source of classification or shelving scheme Library of Congress Classification
Koha item type Monograph ( Printed materials)
Holdings
Withdrawn status Lost status Source of classification or shelving scheme Damaged status Not for loan Collection code Home library Current library Shelving location Date acquired Total Checkouts Full call number Barcode Date last seen Price effective from Koha item type
    Library of Congress Classification     Main Collection ARRUPE LIBRARY ARRUPE LIBRARY Main Collection 17/01/2018   BV35 .A52 46600001209 17/01/2018 17/01/2018 Monograph ( Printed materials)

 

Arrupe Library. PO Box MP320 Mt Pleasant, Harare, Zimbabwe
263 242 745411|librarian@aju.ac.zw